| 000 | 02019nam0a2200385 4500 | ||
|---|---|---|---|
| 001 | RU\NLR\BIBL_A\011559201 | ||
| 005 | 20260408125435.0 | ||
| 010 |
_a978-5-9908821-2-6 _9500 |
||
| 021 |
_aRU _b2017-90061 _96440 |
||
| 035 | _a(NLR Aleph) 011559201 | ||
| 035 | _a(RuMoRGB)009464224 | ||
| 090 |
_a12272440 _c12272440 |
||
| 100 | _a20171215d2017 |||y0rusy50 ca | ||
| 101 | 0 | _arus | |
| 102 | _aRU | ||
| 105 | _aach z 101zy | ||
| 200 | 1 |
_aРеволюция 1917 года: 100 лет спустя. Взгляд из Сибири _eматериалы Сибирского исторического форума, г. Красноярск, 25-26 октября 2017 г. _fАдминистрация губернатора Красноярского края, Законодательное собрание Красноярского края, Архивное агентство Красноярского края _g[редакторский коллектив: С. А. Пономаренко и др.] |
|
| 210 |
_aКрасноярск _cЛаборатория развития _d2017 |
||
| 215 |
_a303 с. _cил., цв. ил., факс., портр. _d30 |
||
| 320 | _aБиблиогр. конце ст. | ||
| 320 | _aУказ. имен: с. 296-300 | ||
| 517 | 1 | _aВзгляд из Сибири | |
| 607 |
_aРоссия _jСборники _xИстория _z1917 _92250871 _3RU\NLR\AUTH\661350120 |
||
| 686 |
_aТ3(2Р54)711я431 _2rubbk |
||
| 686 | 1 | _aТ3(2)524.2я43 | |
| 686 | 1 | _aТ3(2)711я43 | |
| 702 | 1 |
_aПономаренко _bС. А. _f1975- _gСергей Александрович _4340 |
|
| 711 | 1 | 2 |
_aСибирский исторический форум _eКрасноярск _f2017 _9582368 _3RU\NLR\AUTH\880459804 |
| 712 | 0 | 1 |
_4570 _aКрасноярский край _bГубернатор _bАдминистрация _9582367 _3RU\NLR\AUTH\880459803 |
| 942 | _cBOOK | ||
| 980 | _aNBR | ||
| 980 | _aNB | ||